[Event "Czech League 2008/09 (krajsky prebor)"]
[Site "masterchessopen.com Czech Republic"]
[Date "2009.03.29"]
[Round "11"]
[White "Cempel Jaroslav (CZE)"]
[Black "Skovron Josef"]
[Result "1-0"]
[WhiteElo "2298"]
[BlackElo "1777"]

1.e4 c5 2.Nf3 Nc6 3.Bb5 g6 4.O-O Bg7 5.c3 d5 6.exd5 Qxd5 7.Re1 Bg4 8.Be2 Rd8
9.Na3 Nf6 10.Nc2 Qd6 11.d4 Ne4 12.d5 Nxc3 13.bxc3 Bxc3 14.Bd2 Bxa1 15.Qxa1 O-O
16.Bh6 {#r} 1-0

[Event "Ch Uzbekistan (1 liga)"]
[Site "masterchessopen.com Tashkent (Uzbekistan)"]
[Date "2009.04.19"]
[Round "9"]
[White "Bozorov Makhsum (UZB)"]
[Black "Haylaev Anvar (UZB)"]
[Result "1-0"]
[WhiteElo "2198"]
[BlackElo "2203"]

1.e4 c5 2.Nf3 Nc6 3.Bb5 g6 4.O-O Bg7 5.c3 Qb6 6.Na3 a6 7.Ba4 e5 8.d3 Nge7
9.Be3 d6 10.b4 O-O 11.Nc4 Qc7 12.bxc5 dxc5 13.Bxc6 Nxc6 14.Bxc5 Rd8 15.Bb6
{#r} 1-0

[Event "Ch Russia (juniors) (under 16)"]
[Site "masterchessopen.com Dagomys (Russia)"]
[Date "2009.04.22"]
[Round "8"]
[White "Maleev Pavel (RUS)"]
[Black "Polonovsky Evgeny (RUS)"]
[Result "1-0"]
[WhiteElo "2134"]
[BlackElo "2169"]

1.e4 c5 2.Nf3 Nc6 3.Bb5 g6 4.O-O Bg7 5.c3 e5 6.d4 cxd4 7.cxd4 exd4 8.Bf4 Nge7
9.Bd6 Qb6 10.Na3 Na5 11.e5 a6 12.Ba4 Nf5 13.Re1 Nxd6 14.exd6+ Kf8 15.Re8+ Kxe8
16.Qe2+ Kf8 17.Qe7+ Kg8 18.Ng5 {#r} 1-0

[Event "Cup Serbia (team)"]
[Site "masterchessopen.com Sombor (Serbia)"]
[Date "2009.05.19"]
[Round "1"]
[White "Dostan Janos (HUN)"]
[Black "Pap Misa (SRB)"]
[Result "0-1"]
[WhiteElo "2220"]
[BlackElo "2478"]

1.e4 c5 2.Nf3 Nc6 3.Bb5 g6 4.O-O Bg7 5.Re1 e5 6.b4 cxb4 7.a3 Nge7 8.axb4 O-O
9.Bb2 d6 10.Bxc6 Nxc6 11.b5 Nd4 12.Nxd4 exd4 13.d3 Qb6 14.Na3 Be6 15.Qd2 Rfc8
16.Rab1 a5 17.bxa6 Rxa6 18.Bc1 Qc5 19.Rb4 Bh6 {#R} 0-1

[Event "Tournament (open)"]
[Site "masterchessopen.com Llinars del Valles (Spain)"]
[Date "2009.06.06"]
[Round "7"]
[White "Tebar Moreno Juan Carlos (ESP)"]
[Black "Subirach Mancebo Guillem (ESP)"]
[Result "1-0"]
[WhiteElo "2190"]
[BlackElo "2090"]

1.e4 c5 2.Nf3 Nc6 3.Bb5 g6 4.c3 Bg7 5.O-O Nf6 6.e5 Nd5 7.Re1 O-O 8.a4 d6 9.d4
cxd4 10.Bxc6 bxc6 11.Nxd4 dxe5 12.Nxc6 Qd7 13.Qxd5 Qc7 14.Nxe7+ Qxe7 15.Qxa8
{#r} 1-0

[Event "It (open)"]
[Site "masterchessopen.com Balaguer (Spain)"]
[Round "0"]
[White "Westerinen Heikki M J (FIN)"]
[Black "Borras Camarasa Marc (ESP)"]
[Result "1-0"]
[WhiteElo "2362"]
[BlackElo "1627"]

1.e4 c5 2.Nf3 Nc6 3.Bb5 g6 4.c3 Nf6 5.e5 Ng4 6.d4 cxd4 7.cxd4 a6 8.Ba4 b5
9.Bb3 d6 10.Ng5 Nh6 11.Qf3 Bb7 12.Bxf7+ Kd7 13.Qh3+ Nf5 14.Be6+ Ke8 15.Bxf5
gxf5 16.Qh5+ Kd7 17.Nf7 Qb6 18.Nxh8 Nxd4 19.O-O Nc2 20.Qxf5+ {#r} 1-0

[Event "Ch Macedonia (open)"]
[Site "masterchessopen.com Struga (Macedonia)"]
[Date "2009.07.18"]
[Round "1"]
[White "Stojanovski Dejan (MKD)"]
[Black "Kacakovski Dimitar (MKD)"]
[Result "1-0"]
[WhiteElo "2432"]
[BlackElo "2190"]

1.e4 c5 2.Nf3 Nc6 3.Bb5 g6 4.Bxc6 dxc6 5.d3 Bg7 6.h3 Nf6 7.Nc3 e5 8.Nxe5 Nxe4
9.Nxe4 Bxe5 10.O-O b6 11.Bh6 Qc7 12.Re1 Be6 13.Ng5 O-O-O 14.Nxe6 fxe6 15.Rb1
Rhe8 16.Qf3 Kb7 17.Re4 Rd4 18.Rxe5 {#r} 1-0

[Event "It (open)"]
[Site "masterchessopen.com Avoine (France)"]
[Date "2009.07.23"]
[Round "6"]
[White "Saatdjian Stephane (FRA)"]
[Black "Dessenne Francois (FRA)"]
[Result "1-0"]
[WhiteElo "1921"]
[BlackElo "2044"]

1.e4 c5 2.Nf3 Nc6 3.Bb5 g6 4.Bxc6 dxc6 5.h3 Bg7 6.d3 Nf6 7.Nc3 O-O 8.Be3 Nd7
9.Qd2 e5 10.Bh6 Qe7 11.O-O-O Rd8 12.h4 f6 13.Bxg7 Kxg7 14.g4 Nf8 15.Rdg1 c4
16.g5 cxd3 17.cxd3 Be6 18.h5 Kh8 19.Kb1 f5 20.hxg6 Nxg6 21.Nh4 Nf4 22.Qxf4
{#r} 1-0

[Event "Ch Moscow Region (open)"]
[Site "masterchessopen.com Moscow (Russia)"]
[Date "2009.07.28"]
[Round "1"]
[White "Nozdrachev Vladislav (RUS)"]
[Black "Pospelov Sergey (RUS)"]
[Result "1-0"]
[WhiteElo "2358"]
[BlackElo "2033"]

1.e4 c5 2.Nf3 Nc6 3.Bb5 g6 4.Bxc6 dxc6 5.h3 Bg7 6.d3 Nf6 7.Nc3 O-O 8.Be3 b6
9.Qd2 Be6 10.Bh6 Qc7 11.Bxg7 Kxg7 12.Ng5 Qd6 13.f4 h6 14.e5 {#r} 1-0

[Event "It (open) (a)"]
[Site "masterchessopen.com Sukhumi (Georgia)"]
[Date "2009.08.03"]
[Round "1"]
[White "Looshnikov Nikolai (RUS)"]
[Black "Ilkin Albert (RUS)"]
[Result "1-0"]
[WhiteElo "2500"]
[BlackElo "2188"]

1.e4 c5 2.Nf3 Nc6 3.Bb5 g6 4.O-O Bg7 5.Re1 a6 6.Bxc6 dxc6 7.h3 e5 8.d3 Ne7
9.Be3 b6 10.Qd2 O-O 11.Na3 a5 12.Qc3 Qc7 13.Nc4 f6 14.Qb3 Be6 15.Qxb6 Qd7
16.Qxc5 Rab8 17.b3 Rb5 18.Qd6 Ra8 19.Qxd7 Bxd7 20.Nb6 Rd8 21.a4 {#r} 1-0

[Event "It (open) (juniors) (under 14)"]
[Site "masterchessopen.com Enschede (Netherlands)"]
[Date "2009.08.07"]
[Round "8"]
[White "Vastenhout Raimond"]
[Black "Seidenstuecker Hans-Lennar"]
[Result "1-0"]
[WhiteElo "1602"]
[BlackElo "1213"]

1.e4 c5 2.Nf3 Nc6 3.Bb5 g6 4.c3 Nf6 5.d3 Bg7 6.Be3 d6 7.O-O O-O 8.Qd2 Ng4
9.Bf4 a6 10.Bxc6 bxc6 11.h3 Nf6 12.Bh6 Bxh6 13.Qxh6 d5 14.e5 Nd7 15.Ng5 {#r}
1-0

[Event "It"]
[Site "masterchessopen.com Kimry (Russia)"]
[Date "2009.08.24"]
[Round "7"]
[White "Mikaelyan Vladlen (ARM)"]
[Black "Sysoykina Lidia (RUS)"]
[Result "0-1"]
[WhiteElo "2076"]
[BlackElo "1974"]

1.e4 c5 2.Nf3 Nc6 3.Bb5 g6 4.d4 cxd4 5.Bxc6 bxc6 6.Nxd4 Bg7 7.b3 c5 8.Bb2 cxd4
9.Bxd4 e5 10.Be3 Bb7 11.Nd2 Nf6 12.f3 d5 {#R} 0-1

[Event "It (open)"]
[Site "masterchessopen.com Romania"]
[Date "2009.09.10"]
[Round "7"]
[White "Valeanu Eduard-Andrei (ROM)"]
[Black "Janakiev Ivan (BUL)"]
[Result "1-0"]
[WhiteElo "2457"]
[BlackElo "2210"]

1.e4 c5 2.Nf3 Nc6 3.Bb5 g6 4.Bxc6 dxc6 5.d3 Bg7 6.h3 b6 7.Nc3 e5 8.Be3 Ne7
9.Qd2 h6 10.O-O Be6 11.a3 Qc7 12.Na4 Rd8 13.b4 c4 14.Qc3 cxd3 15.cxd3 O-O
16.d4 exd4 17.Bxd4 Bxd4 18.Nxd4 Qe5 19.Nf5 {#r} 1-0

[Event "Ch City"]
[Site "masterchessopen.com Nizhnij Novgorod (Russia)"]
[Round "0"]
[White "Yatzenko Anton (RUS)"]
[Black "Koreschikov Maxim (RUS)"]
[Result "1-0"]
[WhiteElo "2347"]
[BlackElo "2307"]

1.e4 c5 2.Nf3 Nc6 3.Bb5 g6 4.Bxc6 dxc6 5.d3 Bg7 6.O-O e5 7.Bg5 f6 8.Be3 b6
9.a4 a5 10.Nbd2 Nh6 11.c3 Qxd3 12.Qb3 Qa6 13.Rfd1 Ng4 14.Nf1 Ke7 15.Qa3 Be6
16.b4 Kf7 17.Qb2 Nxe3 18.Nxe3 cxb4 19.cxb4 axb4 20.Qxb4 b5 21.Rd6 {#r} 1-0

[Event "Ch World (juniors) (under 16) (g)"]
[Site "masterchessopen.com Kemer (Turkey)"]
[Date "2009.11.12"]
[Round "1"]
[White "Hapala Lisa (AUT)"]
[Black "Gorozhankina Julia (RUS)"]
[Result "0-1"]
[WhiteElo "1660"]
[BlackElo "2079"]

1.e4 c5 2.Nf3 Nc6 3.Bb5 g6 4.O-O Bg7 5.c3 Nf6 6.Re1 O-O 7.d4 cxd4 8.cxd4 d5
9.e5 Ne4 10.Nc3 Nxc3 11.bxc3 Bg4 12.Be2 Rc8 13.Rb1 Na5 14.Qd3 a6 15.a4 Bd7
16.Ba3 Qe8 17.Bc5 Bc6 18.Ng5 h6 19.Nf3 Nc4 20.Ra1 e6 21.Bd1 {#R} 0-1

[Event "Memorial Polyak (open)"]
[Site "masterchessopen.com Novosibirsk (Russia)"]
[Date "2010.01.11"]
[Round "1"]
[White "Glukhov Mikhail (RUS)"]
[Black "Narchuk Margarita (RUS)"]
[Result "1-0"]
[WhiteElo "2161"]
[BlackElo "1773"]

1.e4 c5 2.Nf3 Nc6 3.Bb5 g6 4.O-O Bg7 5.Re1 e6 6.Bxc6 bxc6 7.d3 Ne7 8.Nbd2 O-O
9.e5 Nf5 10.Ne4 Qb6 11.g4 Nd4 12.Nxd4 cxd4 13.Nf6+ Kh8 14.Qf3 Qd8 15.Bg5 h6
16.Qh3 {#r} 1-0

[Event "It (open) (juniors) (under 12)"]
[Site "masterchessopen.com Bento Goncalves (Brazil)"]
[Date "2010.08.06"]
[Round "8"]
[White "March Diego (ARG)"]
[Black "Brito Moises (VEN)"]
[Result "0-1"]
[WhiteElo "1888"]
[BlackElo "1863"]

1.e4 c5 2.Nf3 Nc6 3.Bb5 g6 4.O-O Bg7 5.c3 Nf6 6.Qe2 O-O 7.d4 cxd4 8.cxd4 d5
9.Bxc6 bxc6 10.e5 Ne4 11.Nc3 Nxc3 12.bxc3 Qa5 13.Bb2 Ba6 14.Qe3 Bxf1 15.Kxf1
Qb5+ 16.Qe2 Rfb8 17.Qxb5 Rxb5 18.Ba3 e6 19.Rc1 Bf8 {#R} 0-1

[Event "It (open)"]
[Site "masterchessopen.com Feffernitz (Austria)"]
[Date "2010.08.25"]
[Round "5"]
[White "Ceschia Ivano (ITA)"]
[Black "Rieger Robert (AUT)"]
[Result "1-0"]
[WhiteElo "2251"]
[BlackElo "2081"]

1.e4 c5 2.Nf3 Nc6 3.Bb5 g6 4.O-O Bg7 5.Bxc6 dxc6 6.Nc3 e5 7.d3 Qc7 8.Be3 b6
9.Qd2 Nf6 10.h3 O-O 11.Nh2 Nd7 12.Bh6 Re8 13.Bxg7 Kxg7 14.Ng4 Qd6 15.Qh6+ Kg8
16.f4 exf4 17.Rxf4 Qd4+ 18.Kh1 Qg7 19.Raf1 Rf8 20.Qg5 h5 21.Nf6+ {#r} 1-0

[Event "It (open)"]
[Site "masterchessopen.com Nikea (Greece)"]
[Date "2010.08.25"]
[Round "7"]
[White "Zherebukh Yaroslav (UKR)"]
[Black "Kamenets Anatolij (UKR)"]
[Result "1-0"]
[WhiteElo "2563"]
[BlackElo "2282"]

1.e4 c5 2.Nf3 Nc6 3.Bb5 g6 4.Bxc6 dxc6 5.d3 Bg7 6.h3 e5 7.Be3 b6 8.Nbd2 f6
9.a3 Bh6 10.b4 Bxe3 11.fxe3 Qe7 12.O-O Ba6 13.c4 Nh6 14.Nb3 Rd8 15.Qc2 O-O
16.bxc5 bxc5 17.Qc3 Rd7 18.Qa5 Rxd3 19.Nxc5 Bxc4 20.Qb4 Qf7 21.Nxe5 a5 22.Qxc4
{#r} 1-0

[Event "Ch Mediterranean (juniors)"]
[Site "masterchessopen.com Chania (Greece)"]
[Date "2010.09.03"]
[Round "4"]
[White "Balomenakis Haralambos (GRE)"]
[Black "Liborio Ana Catarina (POR)"]
[Result "1-0"]
[WhiteElo "1913"]
[BlackElo "1689"]

1.e4 c5 2.Nf3 Nc6 3.Bb5 g6 4.O-O Bg7 5.c3 Nf6 6.Re1 O-O 7.d4 cxd4 8.cxd4 a6
9.Bxc6 dxc6 10.h3 Qb6 11.Nc3 Rd8 12.Qc2 h6 13.Be3 Qa5 14.Rad1 Qh5 15.Ne5 Be6
16.Ne2 g5 17.Ng3 {#r} 1-0

[Event "Tournament (Elo)"]
[Site "masterchessopen.com Saratov (Russia)"]
[Date "2010.10.21"]
[Round "10"]
[White "Zhestkov Igor (RUS)"]
[Black "Dvoryadkin Maksim (RUS)"]
[Result "0-1"]
[WhiteElo "1914"]
[BlackElo "1898"]

1.e4 c5 2.Nf3 Nc6 3.Bb5 g6 4.c3 Bg7 5.O-O Nf6 6.e5 Nd5 7.d4 cxd4 8.cxd4 O-O
9.Nc3 Nc7 10.Bd3 d6 11.Be4 dxe5 12.Bxc6 exd4 13.Qa4 bxc6 14.Bf4 dxc3 15.Qxc6
e5 16.Nxe5 Be6 17.Rad1 Nd5 18.Rfe1 Rc8 19.Qa6 Qb6 {#R} 0-1

[Event "Ch Central American (juniors) (under 16)"]
[Site "masterchessopen.com Medellin (Colombia)"]
[Date "2010.12.09"]
[Round "1"]
[White "Rendon Daniel (COL)"]
[Black "Fortis Jonathan (PUR)"]
[Result "1-0"]
[WhiteElo "2110"]
[BlackElo "1885"]

1.e4 c5 2.Nf3 Nc6 3.Bb5 g6 4.c3 Bg7 5.d4 cxd4 6.cxd4 Qb6 7.Nc3 Nxd4 8.Nd5 Qc5
9.Nxd4 Bxd4 10.O-O Bg7 11.Be3 Qd6 12.Rc1 Kf8 13.Nc7 {#r} 1-0

[Event "It (open)"]
[Site "masterchessopen.com Senta (Serbia)"]
[Date "2011.02.05"]
[Round "6"]
[White "Paroski Sinisa (SRB)"]
[Black "Markus Tibor (SRB)"]
[Result "1-0"]
[WhiteElo "2173"]
[BlackElo "1834"]

1.e4 c5 2.Nf3 Nc6 3.Bb5 g6 4.Bxc6 bxc6 5.O-O Bg7 6.d3 d6 7.h3 Ba6 8.Re1 Nf6
9.e5 dxe5 10.Nxe5 Qb6 11.Nc3 Nd5 12.Qf3 Bxe5 13.Nxd5 Qb8 14.Nf6+ Bxf6 15.Qxf6
{#r} 1-0

[Event "Tournament (open)"]
[Site "masterchessopen.com Kouty nad Desnou (Czech Republic)"]
[Date "2011.03.18"]
[Round "8"]
[White "Skoda Martin (CZE)"]
[Black "Hlavac Rudolf (CZE)"]
[Result "0-1"]
[WhiteElo "1992"]
[BlackElo "2079"]

1.e4 c5 2.Nf3 Nc6 3.Bb5 g6 4.Nc3 Bg7 5.Bxc6 dxc6 6.d3 e5 7.O-O Qe7 8.Be3 Nf6
9.h3 O-O 10.a4 a5 11.Nd2 Nh5 12.Nc4 Be6 13.b3 Nf4 14.Ne2 f5 15.exf5 Bd5 16.f6
Rxf6 17.f3 Raf8 18.Nd2 R6f7 19.Kh2 e4 20.fxe4 Nxe2 21.Qxe2 Bxa1 22.exd5 Bd4
{#R} 0-1

[Event "Ch Slovakia (team) 2010/11 (1 liga) East"]
[Site "masterchessopen.com Slovakia"]
[Date "2011.03.20"]
[Round "9"]
[White "Zagrapan Pavol (SVK)"]
[Black "Jacko Vladimir (SVK)"]
[Result "1-0"]
[WhiteElo "2139"]
[BlackElo "2026"]

1.e4 c5 2.Nf3 Nc6 3.Bb5 g6 4.O-O Bg7 5.Re1 a6 6.Bxc6 bxc6 7.Nc3 d6 8.d3 e5
9.Be3 Ne7 10.h3 h6 11.Nh2 g5 12.Qh5 Ng6 13.Ng4 Be6 14.Ne2 Rb8 15.Rab1 Nf4
16.Bxf4 exf4 17.Nc3 Qa5 18.e5 Rxb2 19.Rxb2 Qxc3 20.Reb1 Bxg4 21.Rb8+ Ke7
22.R1b7+ {#r} 1-0

[Event "Ch Colombia (juniors) (under 16)"]
[Site "masterchessopen.com Cali (Colombia)"]
[Date "2011.05.29"]
[Round "8"]
[White "Saldarriaga Quintero Mauricio (COL)"]
[Black "Hernandez Cristian Andres (COL)"]
[Result "0-1"]
[WhiteElo "1984"]
[BlackElo "2136"]

1.e4 c5 2.Nf3 Nc6 3.Bb5 g6 4.c3 Bg7 5.O-O Nf6 6.Qe2 O-O 7.Rd1 a6 8.Bxc6 dxc6
9.h3 h6 10.d4 cxd4 11.cxd4 Be6 12.Nbd2 Qc7 13.Nf1 Rfd8 14.Ng3 b5 15.Be3 Qb7
16.b3 a5 17.Rac1 Nd7 18.Qc2 Ra6 19.Ne2 a4 20.Ng5 {#R} 0-1

[Event "Ch Lithuania (for the Blind)"]
[Site "masterchessopen.com Vilnius (Lithuania)"]
[Date "2011.06.11"]
[Round "3"]
[White "Novikovas Anatolijus (LTU)"]
[Black "Stalgys Vidmantas (LTU)"]
[Result "1-0"]
[WhiteElo "1959"]
[BlackElo "1600"]

1.e4 c5 2.Nf3 Nc6 3.Bb5 g6 4.O-O Bg7 5.Re1 a6 6.Bxc6 dxc6 7.d3 Bg4 8.h3 Bd7
9.c3 e6 10.Na3 Ne7 11.Be3 b6 12.Qd2 O-O 13.Bh6 Bxh6 14.Qxh6 b5 15.Ng5 {#r} 1-0

[Event "Ch Pan-American (juniors) (under 12)"]
[Site "masterchessopen.com Cali (Colombia)"]
[Date "2011.07.07"]
[Round "8"]
[White "Jacome Esteban (ECU)"]
[Black "Moreno Lozano Esteban (COL)"]
[Result "1-0"]
[WhiteElo "1519"]
[BlackElo "1641"]

1.e4 c5 2.Nf3 Nc6 3.Bb5 g6 4.O-O Bg7 5.c3 d6 6.d4 cxd4 7.cxd4 a6 8.Ba4 b5
9.Bb3 Bg4 10.Bxf7+ Kd7 11.d5 Nd4 12.Ne5+ Bxe5 13.Qxg4+ Kc7 14.Bxg8 Rxg8 15.Na3
Qd7 16.Qd1 a5 17.Be3 b4 18.Bxd4 bxa3 19.bxa3 Bxd4 20.Qxd4 Qb5 21.Rab1 Qc4
22.Qxc4+ {#r} 1-0

[Event "It (open) (b)"]
[Site "masterchessopen.com Dresden (Germany)"]
[Date "2011.08.10"]
[Round "5"]
[White "Kuehnast V"]
[Black "Peil C"]
[Result "0-1"]
[WhiteElo "1898"]
[BlackElo "1916"]

1.e4 c5 2.Nf3 Nc6 3.Bb5 g6 4.O-O Bg7 5.Bxc6 dxc6 6.d3 e5 7.a4 Ne7 8.Be3 b6
9.Qd2 O-O 10.Bh6 f6 11.Bxg7 Kxg7 12.Qc3 g5 13.a5 Ba6 14.Nbd2 Ng6 15.Rfe1 g4
{#R} 0-1

[Event "It (open)"]
[Site "masterchessopen.com Goch (Germany)"]
[Date "2011.10.02"]
[Round "7"]
[White "Spenk Willi (GER)"]
[Black "Hamm Siegfried (GER)"]
[Result "1-0"]
[WhiteElo "1747"]
[BlackElo "1954"]

1.e4 c5 2.Nf3 Nc6 3.Bb5 g6 4.Bxc6 bxc6 5.d4 cxd4 6.Qxd4 Nf6 7.Nc3 Bg7 8.e5 Ng8
9.Bf4 Ba6 10.O-O-O e6 11.Qa4 Qb6 12.Be3 Qb7 13.Ne4 Bf8 14.Nd6+ Bxd6 15.Rxd6
Be2 16.Nd4 Bh5 17.Nb3 Rb8 18.Qa3 Ne7 19.Nc5 Qb5 20.Nxd7 Rb7 21.Nf6+ Kf8 {#r}
1-0

[Event "Tournament (Elo) (b)"]
[Site "masterchessopen.com Montigny le Bretonneux (France)"]
[Date "2011.10.25"]
[Round "4"]
[White "Branson James (FRA)"]
[Black "Delpech Olivier (FRA)"]
[Result "1-0"]
[WhiteElo "1708"]
[BlackElo "1739"]

1.e4 c5 2.Nf3 Nc6 3.Bb5 g6 4.Nc3 Bg7 5.O-O e6 6.Re1 Nge7 7.e5 O-O 8.Bxc6 Nxc6
9.d4 cxd4 10.Nb5 Qa5 11.Qe2 Qb6 12.Rd1 f6 13.exf6 Bxf6 14.Bh6 Re8 15.Nd6 Re7
16.Bg5 Bxg5 17.Nxg5 Qc5 18.Nge4 Qh5 19.Nf6+ {#r} 1-0

[Event "Tournament (open)"]
[Site "masterchessopen.com Santa Eulalia de Roncana (Spain)"]
[Date "2011.11.05"]
[Round "5"]
[White "Morais Carreras Javier"]
[Black "Melich Martinez Josep (ESP)"]
[Result "1-0"]
[WhiteElo "1987"]
[BlackElo "1736"]

1.e4 c5 2.Nf3 Nc6 3.Bb5 g6 4.Bxc6 bxc6 5.O-O Bg7 6.Nc3 e6 7.Re1 Ne7 8.d3 O-O
9.Be3 Rb8 10.Bxc5 Rxb2 11.e5 a5 12.Ne4 Rb5 13.a4 Rxc5 14.Nxc5 d6 15.Nb3 dxe5
16.Nxe5 Qc7 17.d4 c5 18.Nxc5 Rd8 19.c3 Nd5 20.Qf3 Bb7 21.Nxb7 Bxe5 22.Nxd8
{#r} 1-0

[Event "Ch Slovakia (juniors) (under 20)"]
[Site "masterchessopen.com Senica (Slovakia)"]
[Date "2012.01.02"]
[Round "8"]
[White "Danada Tomas (SVK)"]
[Black "Nemsak Denis (SVK)"]
[Result "1-0"]
[WhiteElo "2062"]
[BlackElo "1900"]

1.Nf3 c5 2.e4 Nc6 3.Bb5 g6 4.O-O Bg7 5.Re1 e5 6.Bxc6 bxc6 7.d3 Ne7 8.Nc3 O-O
9.Be3 d6 10.Ne2 f5 11.c3 f4 12.Bc1 d5 13.d4 cxd4 14.cxd4 dxe4 15.Nxe5 Nd5
16.Nc3 Qg5 17.Nxe4 Qf5 18.Nd6 Qg5 19.Qf3 {#r} 1-0

[Event "It (open)"]
[Site "masterchessopen.com Heraklio (Greece)"]
[Date "2012.01.07"]
[Round "6"]
[White "Kontaki M"]
[Black "Kritsotalakis S"]
[Result "0-1"]
[WhiteElo "1000"]
[BlackElo "1600"]

1.e4 c5 2.Nf3 Nc6 3.Bb5 g6 4.O-O Bg7 5.c3 d6 6.d4 cxd4 7.Nxd4 Bd7 8.Nf3 Qa5
9.Bc4 Nf6 10.Re1 O-O 11.Bg5 Bg4 12.Qb3 Bxf3 13.gxf3 Qxg5+ 14.Kh1 Ne5 15.Rg1
Qf4 16.Nd2 Qxd2 {#R} 0-1

[Event "Ch Southern FO (open)"]
[Site "masterchessopen.com Armavir (Russia)"]
[Round "7"]
[White "Rjabzev Konstantin (RUS)"]
[Black "Kudelya Igor (RUS)"]
[Result "1-0"]
[WhiteElo "2274"]
[BlackElo "2088"]

1.e4 c5 2.Nf3 Nc6 3.Bb5 g6 4.c3 Bg7 5.d4 cxd4 6.cxd4 Qb6 7.Nc3 d6 8.O-O a6
9.Bxc6+ Qxc6 10.Bg5 Nf6 11.Bxf6 Bxf6 12.Nd5 Rb8 13.Rc1 Qd7 14.e5 dxe5 15.dxe5
Bg7 16.Rc7 Qd8 17.Rxe7+ Kf8 18.Ng5 Be6 19.Nxe6+ fxe6 20.Qf3+ {#r} 1-0

[Event "Ch SibFO (open)"]
[Site "masterchessopen.com Prokopevsk (Russia)"]
[Round "7"]
[White "Tsydypov Zhamsaran (RUS)"]
[Black "Chernov M (RUS)"]
[Result "1-0"]
[WhiteElo "2332"]
[BlackElo "2235"]

1.e4 c5 2.Nf3 Nc6 3.Bb5 g6 4.Bxc6 bxc6 5.d3 Bg7 6.Nc3 e5 7.Be3 d6 8.h3 Ne7
9.Qd2 O-O 10.Bh6 f5 11.Bxg7 Kxg7 12.Ne2 Be6 13.h4 Qc7 14.h5 f4 15.hxg6 hxg6
16.Ng5 Qd7 17.Rh7+ Kg8 18.O-O-O Bg4 19.f3 Bh5 20.g4 {#r} 1-0

[Event "Ch Valle (juniors) (under 14) (g)"]
[Site "masterchessopen.com Cali (Colombia)"]
[Date "2012.03.10"]
[Round "3"]
[White "Viveros Erica Johana"]
[Black "Viveros Mariana Yibeth"]
[Result "0-1"]
[WhiteElo "1535"]
[BlackElo "1683"]

1.e4 c5 2.Nf3 Nc6 3.Bb5 g6 4.d4 cxd4 5.Bxc6 dxc6 6.Qxd4 Qxd4 7.Nxd4 Bg7 8.Nb3
e5 9.Be3 Nf6 10.f3 O-O 11.O-O b6 12.Nc3 Ba6 13.Rfd1 Rfd8 14.Bf2 Bf8 15.Bg3 Bd6
16.Kh1 Rd7 17.Rd2 Rad8 18.Rad1 Bb8 19.Rxd7 Rxd7 20.Rxd7 Nxd7 {#R} 0-1

[Event "It (open) (b)"]
[Site "masterchessopen.com Dortmund (Germany)"]
[Date "2012.07.16"]
[Round "3"]
[White "Koch Detlev"]
[Black "Nolte Katharina"]
[Result "0-1"]
[WhiteElo "1341"]
[BlackElo "1593"]

1.e4 c5 2.Nf3 Nc6 3.Bb5 g6 4.O-O Bg7 5.c3 Nf6 6.Re1 d6 7.d4 O-O 8.Na3 a6 9.d5
axb5 10.dxc6 bxc6 11.e5 Nd5 12.exd6 exd6 13.Nc2 Re8 14.Rxe8+ Qxe8 15.Qe1 Be6
16.Ne3 Qd7 17.Ng5 Nxe3 18.Nxe6 Nc2 19.Qe2 Nxa1 {#R} 0-1

[Event "It (open)"]
[Site "masterchessopen.com Anogia (Greece)"]
[Round "2"]
[White "Pappas Konstantinos (GRE)"]
[Black "Skembris Spyridon (GRE)"]
[Result "0-1"]
[WhiteElo "2047"]
[BlackElo "2460"]

1.e4 c5 2.Nf3 Nc6 3.Bb5 g6 4.c3 Bg7 5.d4 Qb6 6.Bxc6 dxc6 7.h3 cxd4 8.cxd4 Qa6
9.Nc3 Nf6 10.Qe2 b6 11.Ne5 Qxe2+ 12.Kxe2 Ba6+ 13.Kf3 Bb7 14.Re1 O-O 15.g4 Rad8
16.Be3 Nxe4 17.Kxe4 c5+ 18.d5 e6 19.Rad1 exd5+ 20.Nxd5 Bxd5+ 21.Kf4 f5 22.g5
Bxe5+ {#R} 0-1

[Event "Tournament (Elo)"]
[Site "masterchessopen.com Nevinnomisk (Russia)"]
[Date "2012.08.19"]
[Round "5"]
[White "Tekeyev Zaur"]
[Black "Mkrtoumian Ashort"]
[Result "1-0"]
[WhiteElo "2273"]
[BlackElo "1940"]

1.e4 c5 2.Nf3 Nc6 3.Bb5 g6 4.Bxc6 bxc6 5.O-O Bg7 6.Re1 e6 7.e5 Ne7 8.Nc3 Nd5
9.Ne4 Qe7 10.Nd6+ Kf8 11.c4 Nb6 12.b3 Ba6 13.Ba3 Bxe5 14.Nxe5 Qxd6 15.d4 Qe7
16.dxc5 Nc8 17.Nxd7+ Kg8 18.Bb2 Bb7 19.Qd4 f6 20.Nxf6+ Kf8 21.Nd7+ {#r} 1-0

[Event "It (open)"]
[Site "masterchessopen.com Monthey (Switzerland)"]
[Date "2012.10.14"]
[Round "3"]
[White "Colmenares Aurelio (SUI)"]
[Black "Gsponer Andre (SUI)"]
[Result "1-0"]
[WhiteElo "2231"]
[BlackElo "1842"]

1.e4 c5 2.Nf3 Nc6 3.Bb5 g6 4.O-O Bg7 5.Re1 d6 6.e5 d5 7.d4 Qb6 8.Nc3 e6 9.dxc5
Qxc5 10.Be3 Qb4 11.Qd2 Ne7 12.a3 Qa5 13.Bg5 Qc7 14.Bf6 O-O 15.Bd3 Re8 16.Nb5
Qd7 17.Rad1 Rd8 18.Qf4 Bf8 19.Ng5 {#r} 1-0